01779cam a22004934i 4500003000900000005001700009008004100026035001900067035001900086040003300105049000900138082002200147100002900169245004900198264003800247300005500285336002100340337002500361338002300386504003900409505003200448526001000480526001000490526000900500526000900509526000900518526000900527526000900536526000900545526000900554526000800563526000800571526000800579526000800587526000800595910002800603942001400631949019000645994001400835596000600849999022300855980005501078952015201133PE-LiUPU20250731165558.0150625s r 000 0 d a(Sirsi) a36943 a(Sirsi) a36943 aPE-LiUPUbspacPE-LiUPUerda aPRUA04a264.0203bJ772211 aLang, Jovian P.,eautor.10aDictionary of the liturgy /cJovian P. Lang. 1aNew York :bCatholic Book,c1989. a687 páginas :bilustraciones ;c24 centímetros atext2rdacontent aunmediated2rdamedia avolume2rdacarrier aBibliografía: páginas 683-687.0 aDiccionario de la liturgia. aSEG44 aSEG26 aP151 aP150 aP149 aP146 aP145 aP126 aP125 aP92 aP75 aP74 aP27 aP15 adbmbncfcncfd20190606 2ddccBOOK aRC 264.0203 J77wDEWEYc1i37919lRCmBULr0sYtBOOKu2015-6-25xBIBLIOTECAzUNKNOWN0COMPRAo.CIRCNOTE. No olvidar cambiar la fecha de devolución!!!!!!!o.STAFF. Colección General aC0bPEPRU a1 aRC 264.0203 J77wDEWEYc45071i37919f2021-11-8g6lCCODEBUL1mBULp51.89r0sYtBOOKu2015-6-25xTEOLOGIAPP350COMPRAo.CIRCNOTE. No olvidar cambiar la fecha de devolución!!!!!!!o.STAFF. Colección Generald45071 81gALBERTO SANCHEZ Responsable de Automatización r2025-12-02 00:00:00i7l0oRC 264.0203 J77p37919te1v56.89w2015-06-25xFTyREF102ddc50718REFfP35aBULbBULcREFd2015-06-25eCOMPRAg51.89